La construcción escolar de las ciencias
Guardat en:
| Autors principals: | , , |
|---|---|
| Format: | Llibre |
| Idioma: | espanyol |
| Publicat: |
Bogotá
Magisterio
2004
|
| Edició: | 1a. ed |
| Col·lecció: | Colección Actualización Pedagógica
|
| Matèries: | |
| Etiquetes: |
Afegir etiqueta
Sense etiquetes, Sigues el primer a etiquetar aquest registre!
|
MARC
| LEADER | 00000nam a2200000 a 4500 | ||
|---|---|---|---|
| 001 | UCI1091 | ||
| 003 | CL-VaPUC | ||
| 008 | 070615e20040000CK |||||||||||||||||spa|d | ||
| 020 | |a 9582007974 | ||
| 082 | 0 | 4 | |a 372.35 |b GAL |2 21 |
| 100 | |a Gallego Badillo, Rómulo |e author |9 533865 | ||
| 700 | 0 | |a Pérez Miranda, Royman |e author |9 521425 | |
| 700 | 0 | |a Torres de Gallego, Luz Nery |e author |9 521426 | |
| 245 | 1 | 3 | |a La construcción escolar de las ciencias |
| 250 | |a 1a. ed | ||
| 300 | |a 207 p | ||
| 942 | |c BK | ||
| 945 | |d 20070615 00:00:00 |a jtorresc | ||
| 260 | |a Bogotá |b Magisterio |c 2004 | ||
| 650 | 0 | |a Enseñanza de las ciencias |9 331919 | |
| 650 | 0 | |a Estudio y enseñanza |9 270395 | |
| 650 | 0 | |a Métodos de enseñanza |9 270413 | |
| 583 | |a last modification |c 20120618 03:55:38 |k Rodrigo Vera | ||
| 490 | 0 | |a Colección Actualización Pedagógica | |
| 999 | |c 326004 |d 326002 | ||
| 952 | |0 0 |1 0 |4 0 |6 372_350000000000000_GAL_2004 |7 0 |8 A |9 407597 |a BIBEDU |b BIBEDU |d 2019-11-22 |i 4346661 |o 372.35 GAL 2004 |p 4346661 |r 2019-11-22 |w 2019-11-22 |y BK |k EBA | ||
| 952 | |0 0 |1 0 |4 0 |6 372_350000000000000_GAL_2004 |7 0 |8 A |9 407598 |a BIBEDU |b BIBEDU |d 2019-11-22 |i 437245K |o 372.35 GAL 2004 |p 437245K |r 2019-11-22 |w 2019-11-22 |y BK |k EBA | ||